Capitals of the World - Backwards - Statistics

General Stats
  • This quiz has been taken 119 times
    81 since last reset
  • The average score is 85 of 196
Answer Stats
Country Capital % Correct
Europe Albania anariT
85%
France siraP
85%
Austria anneiV
82%
Bulgaria aifoS
79%
Belarus ksniM
79%
Germany nilreB
79%
Belgium slessurB
79%
Czech Republic eugarP
76%
Estonia nnillaT
76%
Norway olsO
76%
Bosnia & Herzegovina ovejaraS
76%
Andorra alleV al arrodnA
74%
Croatia bergaZ
74%
Spain dirdaM
74%
Greece snehtA
74%
Ireland nilbuD
71%
United Kingdom nodnoL
71%
Latvia agiR
68%
Italy emoR
68%
Finland iknisleH
68%
Denmark negahnepoC
68%
San Marino oniraM naS
68%
Russia wocsoM
68%
Vatican City ytiC nacitaV
68%
Luxembourg gruobmexuL
65%
Switzerland nreB
65%
Japan oykoT
65%
Ukraine veiK
65%
Brazil ailisarB
62%
Bangladesh akahD
62%
Netherlands madretsmA
62%
Portugal nobsiL
62%
Monaco ocanoM
62%
Poland wasraW
62%
Liechtenstein zudaV
62%
Bahrain amanaM
59%
Colombia atogoB
59%
Malta attellaV
59%
Iraq dadhgaB
59%
Sweden mlohkcotS
59%
Hungary tsepaduB
59%
Kuwait ytiC tiawuK
59%
Peru amiL
56%
Slovakia avalsitarB
56%
North-Macedonia ejpokS
56%
East Timor iliD
56%
Iceland kivajkyeR
56%
Asia Afghanistan lubaK
56%
Ecuador otiuQ
56%
Romania tserahcuB
56%
Azerbaijan ukaB
56%
Bolivia zaP aL *or* ercuS
56%
Qatar ahoD
53%
Indonesia atrakaJ
53%
Maldives élaM
53%
China gnijieB
53%
Iran narheT
53%
Armenia navereY
53%
Venezuela sacaraC
53%
Lithuania suinliV
53%
Panama ytiC amanaP
53%
Montenegro acirogdoP
50%
Cyprus aisociN
50%
Slovenia anajlbujL
50%
Kosovo anitsirP
50%
Canada awattO
50%
Serbia edargleB
50%
India ihleD weN
50%
Israel melasureJ
50%
Jordan nammA
50%
Chile ogaitnaS
50%
Mexico ytiC ocixeM
50%
Cuba anavaH
47%
United States .C.D notgnihsaW
47%
Egypt oriaC
47%
Moldova uanisihC
47%
Bhutan uhpmihT
47%
Turkey araknA
44%
Cambodia hneP monhP
44%
Taiwan iepiaT
44%
Georgia isilibT
44%
Brunei nawageB ireS radnaB
44%
Guyana nwotegroeG
44%
South America Argentina seriA soneuB
44%
Africa Algeria sreiglA
44%
Bahamas uassaN
44%
Yemen a'anaS
41%
Angola adnauL
41%
Kazakhstan anatsA
41%
Oceania Australia arrebnaC
41%
Nicaragua auganaM
41%
Djibouti ituobijD
41%
South Korea luoeS
41%
Belize napomleB
41%
Guatemala ytiC alametauG
41%
Cape Verde aiarP
38%
Samoa aipA
38%
Philippines alinaM
38%
Fiji avuS
38%
Togo émoL
38%
Costa Rica ésoJ naS
38%
Saudi Arabia hdayiR
38%
Vietnam ionaH
38%
Nauru neraY
38%
Jamaica notsgniK
38%
St. Vincent & the Grenadines nwotsgniK
38%
Uruguay oedivetnoM
38%
El Salvador rodavlaS naS
38%
Oman tacsuM
38%
Lebanon turieB
38%
Dominica uaesoR
38%
Solomon Islands arainoH
35%
Pakistan dabamalsI
35%
Haiti ecnirP-ua-troP
35%
Laos enaitneiV
35%
Singapore eropagniS
35%
Sri Lanka ettoK arupenedrawayaJ irS
35%
Kyrgyzstan kekhsiB
35%
Thailand kokgnaB
35%
Paraguay noicnusA
35%
Suriname obiramaraP
35%
Micronesia (Fed. States) rikilaP
35%
Malaysia rupmuL alauK
35%
North America Antigua & Barbuda s'nhoJ tniaS
35%
Syria sucsamaD
35%
Morocco tabaR
35%
Tonga afola'ukuN
32%
Vanuatu aliV troP
32%
Ghana arccA
32%
Congo (Rep. of.) ellivazzarB
32%
Zimbabwe eraraH
32%
St. Kitts & Nevis erretessaB
32%
North Korea gnaygnoyP
32%
Kenya iboriaN
32%
Libya ilopirT
32%
Comoros inoroM
32%
Trinidad & Tobago niapS-fo-troP
32%
Barbados nwotegdirB
32%
Dominican Republic ognimoD otnaS
32%
Senegal rakaD
32%
Mongolia rataabnaalU
32%
Tunisia sinuT
32%
Papua New Guinea ybseroM troP
32%
South Africa airoterP *or* nwoT epaC *or* nietnofmeolB
29%
Nigeria ajubA
29%
Uganda alapmaK
29%
Honduras aplagicugeT
29%
Congo (Dem. Rep.) asahsniK
29%
Tajikistan ebnahsuD
29%
United Arab Emirates ibahD ubA
29%
Central African Republic iugnaB
29%
New Zealand notgnilleW
29%
Marshall Islands orujaM
29%
Grenada s'egroeG tniaS
29%
St. Lucia seirtsaC
29%
Uzbekistan tnekhsaT
29%
Nepal udnamhtaK
29%
Myanmar wadiypyaN
29%
Niger yemaiN
29%
Burundi agetiG
26%
Zambia akasuL
26%
Tanzania amodoD
26%
Chad anemajD'N
26%
Eritrea aramsA
26%
Palau dumluregN
26%
Cameroon édnuoaY
26%
Gabon elliverbiL
26%
Tuvalu itufanuF
26%
Gambia lujnaB
26%
Madagascar ovirananatnA
26%
Benin ovoN-otroP
26%
Turkmenistan tabaghsA
26%
Guinea-Bissau uassiB
26%
Ethiopia ababA siddA
24%
South Sudan abuJ
24%
Kiribati awaraT htuoS
24%
São Tomé & Principe émoT oãS
24%
Malawi ewgnoliL
24%
Sudan muotrahK
24%
Equatorial Guinea obalaM
24%
Mali okamaB
24%
Mozambique otupaM
24%
Mauritius siuoL troP
24%
Burkina Faso uoguodagauO
24%
Lesotho uresaM
24%
Guinea yrkanoC
24%
Seychelles airotciV
21%
Liberia aivornoM
21%
Botswana enorobaG
21%
Sierra leone nwoteerF
21%
Cote d'Ivoire orkuossuomaY
21%
Somalia uhsidagoM
21%
eSwatini enababM
18%
Rwanda ilagiK
18%
Namibia keohdniW
18%
Mauritania ttohckauoN
18%
No matching quizzes found
Score Distribution
Percent of People with Each Score
Percentile by Number Answered
Your Score History
You have not taken this quiz since the last reset